000 00664nam a2200289Ia 4500
005 20260324122804.0
008 008 260324s9999 xx 000 0 eng d
020 _a9780203680032
037 _aEBOOK
040 _aCRL
040 _beng
040 _cCRL
041 _2eng
041 _aeng
084 _qCRL
100 _aKathryn Kalinak
_91167820
245 0 _aMusic in the Western
245 0 _bNotes From the Frontier
260 _bTaylor and Francis
260 _c2012
365 _a
365 _b230
856 _uhttp://www.taylorfrancis.com/books/9780203680032
942 _cEBOOK
999 _c1760821
_d1760821